000 00735nam a2200205 a 4500
001 000023790
005 20200930022454.0
008 110113s1970 xxua r 000 | spa d
040 _aDO-SdBNP
_bspa
_cBNPHU
041 _aeng
_hspa
_2Código de idioma MARC
082 _axxx
_bY31n
100 1 _aYates, Kyle M.
_948970
240 1 0 _aThe essentials of Biblical Hebrew.
_lespañol
245 1 0 _aNociones esenciales del hebreo biblico /
_cKyle M. Yates ; edición revisada por Juan José Owens; traducido por S. Daniel Daglio.
260 _aEl Paso :
_bCasa Bautista de Publicaciones,
_c1970.
300 _a301 p. :
_bil. ;
_c20 cm.
700 1 _aOwens, Juan José
_eed.
_948781
700 1 _aDaglio, S. Daniel
_etr.
_948782
049 _aBNGR
999 _c23286
_d23286